| 000 | 00358nam a2200145 i 4500 | ||
|---|---|---|---|
| 001 | bg | ||
| 100 | 1 | _aJUCYS, A. P. | |
| 245 | 0 |
_aMatematiceskie osnovy teorii atoma / _cA.P. Jucys, A.J. Savukynas. |
|
| 260 |
_aVilnius, _c1973. |
||
| 700 | 1 | _aSAVUKYNAS, A. J. | |
| 040 | _cBPK | ||
| 041 | _apol | ||
| 942 | _cKS | ||
| 008 | s pl f |000 0 pol | ||
| 999 |
_c15559 _d15559 |
||
| 856 |
_uhttp://koha.tu.koszalin.pl/cgi-bin/koha/opac-detail.pl?biblionumber=15559 _yKatalog online BPK |
||